Περιβάλλον και τηλεπικοινωνίες : διπλωματική εργασία [μεταπτυχιακή]
Αποθηκεύτηκε σε:
| Κύριος συγγραφέας: | |
|---|---|
| Άλλοι συγγραφείς: | , , |
| Μορφή: | Thesis Βιβλίο |
| Γλώσσα: | Greek |
| Δημοσίευση: |
2007.
|
| Θέματα: | |
| Διαθέσιμο Online: | http://hdl.handle.net/11610/15892 |
| Ετικέτες: |
Προσθήκη ετικέτας
Δεν υπάρχουν, Καταχωρήστε ετικέτα πρώτοι!
|
MARC
| LEADER | 00000cam a2200000 i 4500 | ||
|---|---|---|---|
| 001 | 1/77371 | ||
| 008 | 080313s2007 gre d | ||
| 035 | |l 10095416 | ||
| 040 | |a GR-MY-UA |b gre |e aacr | ||
| 041 | 0 | |a gre | |
| 082 | 7 | |a 628.092 |2 (22) | |
| 100 | 1 | |a Σκιαθίτης, Ιωάννης. | |
| 245 | 1 | 0 | |a Περιβάλλον και τηλεπικοινωνίες : |b διπλωματική εργασία [μεταπτυχιακή] / |c Σκιαθίτης Ιωάννης ; Κόνσολας Μάνος (επιβλέπων) ; Σταμάτης Παναγιώτης, Αναστασάτος Νικόλαος. |
| 260 | |c 2007. | ||
| 300 | |a 110 σ. ; |c 30 εκ. | ||
| 502 | |a Διατριβή (μεταπτυχιακή) – Πανεπιστήμιο Αιγαίου, Ρόδος, 2007. | ||
| 610 | 2 | 0 | |a University of the Aegean |x Dissertations. |
| 650 | 0 | 0 | |a Ecology. |
| 650 | 0 | 0 | |a Communication in environmental sciences. |
| 650 | 0 | 0 | |a Dissertations, Academic |z Greece. |
| 700 | 1 | |a Κόνσολας, Εμμανουήλ. |4 ths | |
| 700 | 1 | |a Αναστασάτος, Νικόλαος Θ. |4 ths | |
| 700 | 1 | |4 ths |a Σταμάτης, Παναγιώτης Ι., |d 1967- | |
| 852 | |a INST |b RHODES |c DIATR |e 20080313 |h 628.092 ΣΚΙ |p 005400029806 |q 005400029806 |t MTXE |y 23 | ||
| 852 | |a INST |b RHODES |c DIATR |e 20080313 |h 628.092 ΣΚΙ |p 005400029807 |q 005400029807 |t MTXE |y 23 | ||
| 856 | |u http://hdl.handle.net/11610/15892 | ||
| 901 | |a BIBL4-2008-1 | ||
| 909 | |a Ρ |b 128492 | ||
| 909 | |a Ρ |b 128491 | ||
| 924 | |a ΣΚΙΑΘΙΤΗΣ |b ΙΩΑΝΝΗΣ |y Ρόδος |z 2008-03 | ||
| 970 | |a ΜΙΣΣΟΣ |b ΣΤΑΥΡΟΣ |z 2008/03/13 | ||